00293nam a2200121Ia 4500008004100000041000800041082000800049100002800057260002900085245002700114300000800141650002200149220805s9999 xx 000 0 und d aeng a421 aPillai, Radhakrishna G. aHyderabadbEmeraldc1994 aSpoken English for you a145 aEnglish Languages